书目信息 |
| 题名: |
电路基础
|
|
| 作者: | 黄学良, 主编 | |
| 分册: | ||
| 出版信息: | 北京 机械工业出版社 2020.01 |
|
| 页数: | 293页 | |
| 开本: | 26cm | |
| 丛书名: | 普通高等教育“十一五”国家级规划教材 | |
| 单 册: | ||
| 中图分类: | TM13 | |
| 科图分类: | ||
| 主题词: | 电路理论--dian lu li lun--高等教育--教材 | |
| 电子资源: | ||
| ISBN: | 978-7-111-21608-7 | |
| 000 | 01082nam 2200277 450 | |
| 001 | CAL 0120213148688 | |
| 005 | 20210121151015.5 | |
| 010 | @a978-7-111-21608-7@dCNY39.80 | |
| 100 | @a20210121d2020 em y0chiy0120 ea | |
| 101 | 0 | @achi |
| 102 | @aCN@b110000 | |
| 105 | @ay a 000yy | |
| 106 | @ar | |
| 200 | 1 | @a电路基础@Adian lu ji chu@f主编黄学良 |
| 210 | @a北京@c机械工业出版社@d2020.01 | |
| 215 | @a293页@d26cm | |
| 225 | 2 | @a普通高等教育“十一五”国家级规划教材@Apu tong gao deng jiao yu “ shi yi wu ” guo jia ji gui hua jiao cai |
| 314 | @a黄学良, 现为东南大学电气工程学院副院长、教授、博士生指导教师。 | |
| 320 | @a有书目 (第293页) | |
| 330 | @a本书系统介绍了电路基本定律及电阻电路分析、正弦稳态电路分析、动态电路...Basic程序设计基础、顺序结构程序设计、选择结构程序设计、循环结构程序设计等等。 | |
| 410 | 0 | @12001 @a普通高等教育“十一五”国家级规划教材 |
| 606 | 0 | @a电路理论@Adian lu li lun@x高等教育@j教材 |
| 690 | @aTM13@v5 | |
| 701 | 0 | @a黄学良,@Ahuang xue liang@f1969-@4主编 |
| 801 | 0 | @aCN@b人天书店@c20210121 |
| 905 | @aTSG@b0000977@dTM13@eH903@f3 | |
| 电路基础/主编黄学良.-北京:机械工业出版社,2020.01 |
| 293页;26cm.-(普通高等教育“十一五”国家级规划教材) |
| ISBN 978-7-111-21608-7:CNY39.80 |
| 本书系统介绍了电路基本定律及电阻电路分析、正弦稳态电路分析、动态电路...Basic程序设计基础、顺序结构程序设计、选择结构程序设计、循环结构程序设计等等。 |
| ● |
| 相关链接 |
|
|
|
正题名:电路基础
索取号:TM13/H903
 
预约/预借
| 序号 | 登录号 | 条形码 | 馆藏地/架位号 | 状态 | 备注 |
| 1 | 1536794 | 215367948 | 自科库301/301自科库 8排1列1层/ [索取号:TM13/H903] | 在馆 | |
| 2 | 1536795 | 215367957 | 自科库301/301自科库 8排1列1层/ [索取号:TM13/H903] | 在馆 | |
| 3 | 1536796 | 215367966 | 自科库301/301自科库 8排1列1层/ [索取号:TM13/H903] | 在馆 |